Detalles MARC
| 000 -CABECERA |
| campo de control de longitud fija |
00881nam a2200253 a 4500 |
| 001 - NÚMERO DE CONTROL |
| campo de control |
000031157 |
| 003 - IDENTIFICADOR DEL NÚMERO DE CONTROL |
| campo de control |
DO-SdBNP |
| 005 - FECHA Y HORA DE LA ÚLTIMA TRANSACCIÓN |
| campo de control |
20220426131310.0 |
| 007 - CAMPO FIJO DE DESCRIPCIÓN FÍSICA--INFORMACIÓN GENERAL |
| campo de control de longitud fija |
ta |
| 008 - DATOS DE LONGITUD FIJA--INFORMACIÓN GENERAL |
| campo de control de longitud fija |
110614s2008 dr r 000 0 spa d |
| 040 ## - FUENTE DE LA CATALOGACIÓN |
| Centro catalogador/agencia de origen |
DO-SdBNP |
| Lengua de catalogación |
spa |
| Centro/agencia transcriptor |
BNPHU |
| 082 ## - NÚMERO DE LA CLASIFICACIÓN DECIMAL DEWEY |
| Número de clasificación |
xxx |
| Número de documento/Ítem |
xxxx |
| 111 2# - ENTRADA PRINCIPAL--NOMBRE DE CONGRESO/REUNIÓN |
| 9 (RLIN) |
57630 |
| 245 10 - MENCIÓN DE TÍTULO |
| Título |
Tasas de cumplimiento y abandono al tratamiento antirretroviral en personas seropositivas al VIH en la República Dominicana / |
| Mención de responsabilidad, etc. |
Editado por Eddy Pérez-Then |
| 260 ## - PUBLICACIÓN, DISTRIBUCIÓN, ETC. |
| Lugar de publicación, distribución, etc. |
Santo Domingo : |
| Nombre del editor, distribuidor, etc. |
Centro Nacional de Investigaciones en Salud Materno Infantil, |
| Fecha de publicación, distribución, etc. |
2008. |
| 300 ## - DESCRIPCIÓN FÍSICA |
| Extensión |
11 p.; |
| Dimensiones |
27 centímetros. |
| 490 ## - MENCIÓN DE SERIE |
| Mención de serie |
Publicaciones ténicas ; |
| Designación de volumen o secuencia |
3 |
| 590 ## - NOTA LOCAL (RLIN) |
| Nota local |
Inventariado, 2022 / DG |
| 650 #4 - PUNTO DE ACCESO ADICIONAL DE MATERIA--TÉRMINO DE MATERIA |
| Término de materia o nombre geográfico como elemento de entrada |
Síndrome de inmunodeficiencia adquirida |
| 9 (RLIN) |
78184 |
| 700 ## - PUNTO DE ACCESO ADICIONAL--NOMBRE DE PERSONA |
| Código de función/relación |
Pérez Then, Eddy |
| Término indicativo de función/relación |
Editor |
| 830 ## - PUNTO DE ACCESO ADICIONAL DE SERIE-TÍTULO UNIFORME |
| Número de parte o sección de la obra |
Publicaciones ténicas ; |
| Nombre de parte o sección de la obra |
3 |
| 9 (RLIN) |
81499 |
| 910 ## - DATOS DE OPCIÓN DEL USUARIO (OCLC) |
| Datos de opción del usuario |
DG |
| 942 ## - ELEMENTOS DE PUNTO DE ACCESO ADICIONAL (KOHA) |
| Fuente del sistema de clasificación o colocación |
Dewey Decimal Classification |
| Tipo de ítem Koha |
Folleto |